| 000 | 00726nac a22002171u 4500 | ||
|---|---|---|---|
| 008 | 081124t2000 xxu||||| |||| 00| 0 eng d | ||
| 010 | _a99060961 | ||
| 020 | _a0030186129 | ||
| 020 | _a9780030263866 | ||
| 082 | 0 | 0 |
_a657.046 _bPAH _222 |
| 100 |
_aPahler, Arnold J. _91324 |
||
| 245 | 1 | 0 |
_aAdvanced accounting : _bconcepts and practice / _cArnold J. Pahler, Joseph E. Mori. |
| 250 | _a7th ed. | ||
| 260 |
_aFort Worth : _bDryden Press, _c2000. |
||
| 300 |
_axxix,1165p. : _bforms ; _c27 cm. |
||
| 440 | 4 |
_aThe Dryden Press series in accounting _91325 |
|
| 504 | _aIncludes bibliographical references and index. | ||
| 650 | 0 |
_aAccounting. _933525 |
|
| 700 | 1 |
_aMori, Joseph E. _91326 |
|
| 942 |
_cBB _k657.046PAH _2ddc |
||
| 999 |
_c1066 _d1066 |
||